[Event "NCL978b Barbican2-Wessex"]
[Site "Rd11"]
[Date "1998.05.25"]
[Round "11.6"]
[White "Simons, Martin"]
[Black "Twyble, Michael"]
[Result "1-0"]
[WhiteElo "2145"]
[BlackElo "2205"]
[PlyCount "47"]
[EventDate "1998.05.25"]

1. e4 c5 2. d3 g6 3. g3 Bg7 4. Bg2 Nc6 5. f4 d6 6. Nf3 e5 7. O-O Nge7 8. Nc3
O-O 9. f5 gxf5 10. Nh4 fxe4 11. dxe4 Nd4 12. Nd5 Nxd5 13. exd5 f5 14. c3 Nb5
15. Qh5 Nc7 16. Nxf5 Bxf5 17. Rxf5 Rxf5 18. Qxf5 Qc8 19. Qxc8+ Rxc8 20. Be3 {#}
Ne8 21. Bh3 Rc7 22. Be6+ Kf8 23. Rf1+ Ke7 24. Rf7+ 1-0

[Event "NCL978b Barbican2-Wessex"]
[Site "Rd11"]
[Date "1998.05.25"]
[Round "11.7"]
[White "Reuben, Stewart"]
[Black "Noyce, Robert"]
[Result "0-1"]
[WhiteElo "2230"]
[BlackElo "2180"]
[PlyCount "72"]
[EventDate "1998.05.25"]

1. c4 Nf6 2. Nc3 g6 3. g3 Bg7 4. Bg2 O-O 5. e4 d6 6. Nge2 c5 7. d4 cxd4 8. Nxd4
Qb6 9. O-O Nc6 10. Nxc6 bxc6 11. Qc2 Be6 12. b3 Rac8 13. Be3 Qa5 14. Rad1 d5
15. exd5 cxd5 16. c5 Ng4 17. Nxd5 Bxd5 18. Rxd5 Nxe3 19. fxe3 e6 20. Rd7 Rxc5
21. Qe4 Qxa2 22. Bh3 Qa6 23. Qf4 Be5 24. Qf2 Rc7 25. Rxc7 Bxc7 26. Rd1 Qc6 27.
Bf1 Bb6 28. Bc4 Qe4 29. Rd3 Rc8 30. Qf4 Rxc4 31. Qb8+ Kg7 32. bxc4 Qxd3 33.
Qe5+ Kf8 34. c5 Qd1+ 35. Kg2 Qc2+ 36. Kh3 Qxc5 0-1

[Event "NCL978b Barbican2-Wessex"]
[Site "Rd11"]
[Date "1998.05.25"]
[Round "11.8"]
[White "Howard, Emily"]
[Black "Kieran, Rosalind"]
[Result "1-0"]
[WhiteElo "2045"]
[BlackElo "2050"]
[PlyCount "85"]
[EventDate "1998.05.25"]

1. e4 c5 2. c3 Nf6 3. e5 Nd5 4. d4 cxd4 5. cxd4 d6 6. Bc4 Nb6 7. Bb5+ Bd7 8.
Bxd7+ Qxd7 9. Nc3 Nc6 10. Nf3 g6 11. Bf4 d5 12. O-O Bg7 13. Re1 O-O 14. Ng5 Qf5
15. Bc1 Nb4 16. Re2 Nd3 17. Nf3 Nxc1 18. Qxc1 Rac8 19. Qe1 Rc6 20. Rd1 Bh6 21.
Nd2 Rd8 22. f3 Bf4 23. Qh4 Bg5 24. Qf2 Qd7 25. f4 Bh6 26. Rf1 Qf5 27. Qh4 Bf8
28. g4 Qd3 29. Qf2 Qh3 30. g5 h5 31. gxh6 Qxh6 32. Qf3 Bg7 33. Rg2 f6 34. Qg3
fxe5 35. fxe5 Rf8 36. Rxf8+ Bxf8 37. Qf3 Kg7 38. h3 e6 39. Qf6+ Kh7 40. Qf7+
Bg7 41. Nf3 Nc4 42. Ng5+ Kh8 43. Qe8+ 1-0

[Event "NCL978b Guildford2-Witney"]
[Site "Rd11"]
[Date "1998.05.25"]
[Round "11.2"]
[White "Hunt, Adam"]
[Black "Punnett, Alan"]
[Result "1-0"]
[WhiteElo "2255"]
[BlackElo "2100"]
[PlyCount "71"]
[EventDate "1998.05.25"]

1. e4 e6 2. d4 d5 3. Nc3 Bb4 4. e5 c5 5. Bd2 Ne7 6. a3 Bxc3 7. Bxc3 b6 8. Bb5+
Nec6 9. b4 cxd4 10. Bxd4 O-O 11. Bb2 Qc7 12. Nf3 a5 13. Qd2 axb4 14. axb4 Rxa1+
15. Bxa1 Na6 16. Bc3 d4 17. Nxd4 Nxe5 18. O-O Rd8 19. f4 Nc4 20. Qd3 e5 21.
Qxc4 exd4 22. Bxa6 Qxc4 23. Bxc4 dxc3 24. Bd3 g6 {(Draw offer)} 25. Re1 Kg7 26.
Kf2 Kf6 27. Re3 Bb7 28. b5 Rd4 29. g3 Rd5 30. Re8 Rc5 31. Ke3 Bc8 32. Kd4 {#}
Bf5 33. Rb8 Rc7 34. Rxb6+ Ke7 35. Bxf5 gxf5 36. Rc6 1-0

[Event "NCL978b Guildford2-Witney"]
[Site "Rd11"]
[Date "1998.05.25"]
[Round "11.3"]
[White "Shepley, Julien"]
[Black "Cooksey, Paul"]
[Result "0-1"]
[WhiteElo "2180"]
[BlackElo "2185"]
[PlyCount "168"]
[EventDate "1998.05.25"]

1. Nc3 c5 2. e4 Nc6 3. Nge2 g6 4. g3 Bg7 5. Bg2 e6 6. O-O Nge7 7. d3 d6 8. Be3
Nd4 9. Nc1 b6 10. Qd2 Bb7 11. f4 Qd7 12. Nd1 d5 13. c3 Ndc6 14. Qc2 O-O 15. Nf2
d4 16. Bd2 f5 17. c4 Nd8 18. Rb1 Nf7 19. e5 Bxg2 20. Kxg2 g5 21. Nh3 Qc6+ 22.
Kf2 Ng6 23. Qd1 g4 24. Ng1 Qh1 25. Nce2 h5 26. Qa4 Qxh2+ 27. Ke1 Qg2 28. Qd7
Rae8 29. Qxa7 Qc6 30. Qa3 h4 31. gxh4 Nxh4 32. b4 Ra8 33. Qb3 Ra4 34. bxc5 bxc5
35. Qb5 Qxb5 36. Rxb5 Rc8 37. Nc1 Nd8 38. Kf2 Bf8 39. Kg3 Be7 40. Rf2 Nc6 41.
Rb7 Ng6 42. Rh2 Ra7 43. Rxa7 Nxa7 44. Nb3 Nc6 45. Ne2 Ra8 46. Nec1 Kf7 47. Rh1
Nf8 48. Kf2 Nd7 49. Ke2 Bd8 50. Be1 Bb6 51. Rh2 Kg6 52. Kf1 Kg7 53. Ke2 Ba5 54.
Bh4 Bd8 55. Be1 Be7 56. Kf1 Nb6 57. Bh4 Bxh4 58. Rxh4 Na4 59. Rh2 Nb4 60. Kg2
Nc2 61. Kg3 Ne3 62. Rh1 Kg6 63. Ne2 Rb8 64. Nec1 Rc8 65. Kf2 Nc3 {#} 66. Ke1
Ng2+ 67. Kd2 Nxf4 68. Rf1 Nh5 69. Nxc5 Rxc5 70. Nb3 Rxe5 71. Nxd4 Ng3 72. Ra1
Na4 73. Re1 Rxe1 74. Kxe1 e5 75. Nb3 f4 76. c5 Nf5 77. c6 Ne7 78. c7 Nc3 79. d4
e4 80. Nc5 g3 81. a4 f3 82. Ne6 Kf5 83. Ng7+ Kg4 84. Ne8 f2+ 0-1

[Event "NCL978b Guildford2-Witney"]
[Site "Rd11"]
[Date "1998.05.25"]
[Round "11.4"]
[White "Dickinson, Tim"]
[Black "Singleton, Michael"]
[Result "1-0"]
[WhiteElo "2180"]
[BlackElo "2080"]
[PlyCount "57"]
[EventDate "1998.05.25"]

1. e4 c5 2. Ne2 e6 3. c4 Nc6 4. Nbc3 Nf6 5. d4 cxd4 6. Nxd4 Bb4 7. Nxc6 bxc6 8.
Bd3 e5 9. O-O O-O 10. Qc2 Bc5 11. Rb1 a5 12. Na4 Bd4 13. c5 d6 14. b3 dxc5 15.
Ba3 Nh5 16. g3 Qg5 17. Kh1 Bh3 18. Rfe1 Nf4 19. Bxc5 Rfd8 20. Bf1 Bg4 21. h4
Bf3+ 22. Kh2 Qh5 23. Bxd4 {#} g5 24. Bxe5 gxh4 25. gxf4 c5 26. Bh3 Ra6 27. Rg1+
Rg6 28. Nxc5 Re8 29. Nd7 1-0

[Event "NCL978b Guildford2-Witney"]
[Site "Rd11"]
[Date "1998.05.25"]
[Round "11.5"]
[White "Tuddenham, David"]
[Black "Haydon, Richard"]
[Result "1/2-1/2"]
[WhiteElo "1832"]
[BlackElo "2180"]
[PlyCount "61"]
[EventDate "1998.05.25"]

1. e4 c5 2. Nc3 Nc6 3. g3 g6 4. Bg2 Bg7 5. f4 d6 6. Nf3 e6 7. d3 Nge7 8. O-O
O-O 9. g4 f5 10. h3 Rb8 11. a4 a6 12. gxf5 gxf5 13. Kh1 fxe4 14. dxe4 d5 15.
Ng5 dxe4 16. Qh5 h6 17. Ngxe4 Nf5 18. Ne2 Ncd4 19. Nxd4 cxd4 20. Ra3 b5 21.
axb5 Rxb5 22. Qg4 Bb7 23. Ng3 Bxg2+ 24. Kxg2 Rc5 25. Rf2 Qd5+ 26. Kh2 Rfc8 27.
Nxf5 exf5 28. Qd1 Qc6 29. c3 dxc3 30. bxc3 Rxc3 31. Rxc3 1/2-1/2

[Event "NCL978b Guildford2-Witney"]
[Site "Rd11"]
[Date "1998.05.25"]
[Round "11.6"]
[White "Churm, Rohan"]
[Black "Erichsen, D."]
[Result "1-0"]
[WhiteElo "2115"]
[BlackElo "1872"]
[PlyCount "65"]
[EventDate "1998.05.25"]

1. e4 d5 2. exd5 Nf6 3. c4 e6 4. dxe6 Bxe6 5. Be2 Nc6 6. Nf3 Qd7 7. d4 Bb4+ 8.
Nc3 Ne4 9. Bd2 Nxd2 10. Qxd2 Bf5 11. O-O O-O-O 12. Rfd1 f6 13. a3 Bxc3 14. Qxc3
g5 15. d5 Ne5 16. Nxe5 fxe5 17. c5 c6 18. dxc6 Qxc6 19. Qxe5 Qe4 20. Qxe4 Bxe4
21. Rxd8+ Rxd8 22. Rd1 Re8 23. Bg4+ Kc7 24. Re1 Bg6 25. Rxe8 Bxe8 26. Bf3 Bc6
27. Bxc6 Kxc6 28. b4 Kb5 29. g3 a5 30. bxa5 Kxc5 31. f4 h6 32. fxg5 hxg5 33. h4
1-0

[Event "NCL978b Guildford2-Witney"]
[Site "Rd11"]
[Date "1998.05.25"]
[Round "11.7"]
[White "Bimbatti, Gian"]
[Black "Jones, Nicholas"]
[Result "0-1"]
[WhiteElo "1808"]
[BlackElo "1928"]
[PlyCount "50"]
[EventDate "1998.05.25"]

1. e4 d5 2. exd5 Nf6 3. d4 Nxd5 4. Nf3 e6 5. Bd3 Nd7 6. a3 Be7 7. O-O O-O 8. c4
N5f6 9. b4 b6 10. Nc3 Bb7 11. Re1 c5 12. dxc5 bxc5 13. b5 Qc7 14. Bg5 Rfe8 15.
Ne4 Rad8 16. Qc2 h6 17. Bh4 Nh5 18. Bxe7 Rxe7 19. Rad1 f5 20. Nd6 Bxf3 21. Nxf5
exf5 22. Rxe7 Bxd1 23. Qxd1 Qd6 24. Qe2 Nf4 25. Re8+ Nf8 0-1

[Event "NCL978b Guildford2-Witney"]
[Site "Rd11"]
[Date "1998.05.25"]
[Round "11.8"]
[White "Smith, Lucy"]
[Black "Lusher, Claire"]
[Result "1/2-1/2"]
[WhiteElo "1648"]
[BlackElo "1784"]
[PlyCount "46"]
[EventDate "1998.05.25"]

1. d4 d5 2. c4 e6 3. Nc3 Nf6 4. Bg5 Bb4 5. Bxf6 Qxf6 6. e3 O-O 7. Qb3 Bxc3+ 8.
Qxc3 c6 9. Nf3 Nd7 10. Bd3 Re8 11. cxd5 exd5 12. Qc2 h6 13. Bf5 Nb6 14. Bxc8
Raxc8 15. O-O Nc4 16. b3 Nd6 17. Rfe1 Ne4 18. Re2 c5 19. Qb2 b5 20. dxc5 Qxb2
21. Rxb2 Rxc5 22. Nd4 Rec8 23. g3 Rc1+ 1/2-1/2

[Event "NCL978b Nidum Kts-White Rose"]
[Site "Rd11"]
[Date "1998.05.25"]
[Round "11.1"]
[White "Williams, Leighton"]
[Black "Dunnington, Angus"]
[Result "1-0"]
[WhiteElo "2240"]
[BlackElo "2390"]
[PlyCount "43"]
[EventDate "1998.05.25"]

1. d4 Nf6 2. c4 c5 3. d5 b5 4. cxb5 a6 5. f3 g6 6. e4 Bg7 7. e5 Ng8 8. Bf4 d6
9. Nc3 dxe5 10. Be3 Nd7 11. Nh3 Ngf6 12. Nf2 O-O 13. Nfe4 axb5 14. Bxb5 Bb7 15.
O-O Nb6 16. Nxc5 Bxd5 17. Qe2 e6 18. Rfd1 Nh5 19. a4 Nf4 20. Bxf4 exf4 21. a5
Qg5 22. N5e4 1-0

[Event "NCL978b Nidum Kts-White Rose"]
[Site "Rd11"]
[Date "1998.05.25"]
[Round "11.2"]
[White "Potts, Alan"]
[Black "Walsh, Chris"]
[Result "1/2-1/2"]
[WhiteElo "2290"]
[BlackElo "2190"]
[PlyCount "55"]
[EventDate "1998.05.25"]

1. e4 e6 2. d4 d5 3. e5 c5 4. c3 Nc6 5. Nf3 Bd7 6. Be2 Nge7 7. O-O Ng6 8. Re1
Be7 9. b3 O-O 10. Bb2 cxd4 11. cxd4 f6 12. Nbd2 Qb6 13. exf6 Bxf6 14. Nf1 Nh4
15. Ne3 Nxf3+ 16. Bxf3 Bxd4 17. Bxd4 Qxd4 18. Qxd4 Nxd4 19. Bg4 Bc6 20. Rac1
Rae8 21. Nc2 Nxc2 22. Rxc2 e5 23. Rce2 e4 24. Rd2 g6 25. b4 Kg7 26. Bd1 Rd8 27.
Rd4 Rd7 28. Bb3 1/2-1/2

[Event "NCL978b Nidum Kts-White Rose"]
[Site "Rd11"]
[Date "1998.05.25"]
[Round "11.4"]
[White "Barrett, Stephen"]
[Black "Cleveland, Richard"]
[Result "1-0"]
[WhiteElo "2240"]
[BlackElo "2045"]
[PlyCount "125"]
[EventDate "1998.05.25"]

1. d4 d6 2. e4 e5 3. c3 Nf6 4. Bd3 Be7 5. h3 c6 6. Nf3 Qc7 7. O-O O-O 8. Re1
Nbd7 9. Nbd2 Rd8 10. a4 Nf8 11. Qc2 Ng6 12. Nf1 Nh5 13. Ne3 Ngf4 14. Bf1 Be6
15. Kh2 Ng6 16. g3 a6 17. a5 Rac8 18. Nc4 Bxc4 19. Bxc4 d5 20. Bb3 Bd6 21. Qe2
Re8 22. dxe5 Nxe5 23. Ng5 Nf6 24. f4 Ng6 25. Qd3 h6 26. e5 Nxe5 27. fxe5 Bxe5
28. Rxe5 Qxe5 29. Nf3 Qe2+ 30. Qxe2 Rxe2+ 31. Kg1 Rce8 32. Rb1 Nd7 33. Kf1 Nc5
34. Bd1 R2e6 35. Bd2 Ne4 36. Be1 Ng5 37. h4 Ne4 38. Bc2 Rf6 39. Kg2 c5 40. Rd1
Rd6 41. Bf2 Rde6 42. Re1 f5 43. Bb3 Rd8 44. Rd1 Nf6 45. Kf1 {#} c4 46. Bxc4
Ree8 47. Bb3 Kh7 48. Bd4 Ng4 49. Bb6 Rd6 50. Rxd5 Rxb6 51. axb6 Ne3+ 52. Kf2
Nxd5 53. Bxd5 Re7 54. Nd4 Kg6 55. Ne6 Kf6 56. Nc5 Ke5 57. c4 g5 58. Nxb7 f4 59.
hxg5 hxg5 60. Na5 Rh7 61. gxf4+ Kxf4 62. b7 Rh2+ 63. Bg2 1-0

[Event "NCL978b Nidum Kts-White Rose"]
[Site "Rd11"]
[Date "1998.05.25"]
[Round "11.5"]
[White "Jones, Richard S"]
[Black "Gayson, Peter"]
[Result "1/2-1/2"]
[WhiteElo "2045"]
[BlackElo "2240"]
[PlyCount "123"]
[EventDate "1998.05.25"]

1. e4 c5 2. Nc3 e6 3. g3 d5 4. d3 Nf6 5. Bg2 Nc6 6. f4 a6 7. e5 Nd7 8. Nf3 b5
9. O-O Be7 10. Ne2 Bb7 11. c3 Qb6 12. d4 O-O-O 13. Be3 h6 14. f5 exf5 15. Ne1
cxd4 16. Nxd4 Ndxe5 17. Rxf5 g6 18. Rf2 Nc4 19. Bh3+ f5 20. Nxf5 {#} Bc5 21.
Bxc5 Qxc5 22. Nd4+ Kb8 23. Ne6 Qb6 24. Nxd8 Rxd8 25. Qe2 d4 26. Nd3 dxc3 27.
bxc3 Rf8 28. Raf1 Ka7 29. Bg2 Ne3 30. Rxf8 Nxg2+ 31. Kh1 Nd4 32. Qxg2 Bxg2+ 33.
Kxg2 Qc6+ 34. Kg1 Qxc3 35. R8f7+ Kb6 36. Nc1 Qe3+ 37. R7f2 Nf3+ 38. Kh1 Nd2 39.
Rf6+ Ka5 40. Nb3+ Nxb3 41. R6f3 Qe4 42. axb3 g5 43. Kg1 Qd4+ 44. R1f2 Kb4 45.
h3 a5 46. Kh2 {(Draw offer)} Ka3 47. Re2 b4 48. Ree3 h5 49. Rd3 Qc5 50. Kg2
Qc2+ 51. Kg1 Qc1+ 52. Kg2 Qc6 53. Kg1 Qb7 54. Rfe3 Qc6 {(Draw offer)} 55. Rd1
Qc5 56. Rdd3 Qc6 57. g4 hxg4 58. hxg4 Qc1+ 59. Kf2 Qc2+ 60. Kf3 Qh2 61. Rd4
Qh3+ 62. Kf2 1/2-1/2

[Event "NCL978b Nidum Kts-White Rose"]
[Site "Rd11"]
[Date "1998.05.25"]
[Round "11.6"]
[White "White, Mark"]
[Black "Fish, Andrew"]
[Result "1/2-1/2"]
[WhiteElo "2225"]
[BlackElo "2115"]
[PlyCount "38"]
[EventDate "1998.05.25"]

1. d4 Nf6 2. Nc3 d5 3. Bg5 Bf5 4. Bxf6 exf6 5. e3 Nc6 6. Bd3 Qd7 7. Qe2 Bb4 8.
Nf3 O-O 9. Bxf5 Qxf5 10. O-O Rfe8 11. Nb5 Qd7 12. c4 a6 13. cxd5 Ne7 14. Nc3
Nxd5 15. Nxd5 Qxd5 16. a3 Bd6 17. Rfe1 f5 18. Rac1 Re4 19. Qc4 Qxc4 1/2-1/2

[Event "NCL978b Nidum Kts-White Rose"]
[Site "Rd11"]
[Date "1998.05.25"]
[Round "11.7"]
[White "Musson, Adam"]
[Black "Tan, Desmond"]
[Result "1-0"]
[WhiteElo "2109"]
[BlackElo "2110"]
[PlyCount "109"]
[EventDate "1998.05.25"]

1. d4 Nf6 2. c4 e6 3. Nc3 Bb4 4. e3 b6 5. Bd3 Bb7 6. Nge2 Ne4 7. O-O Nxc3 8.
bxc3 Bd6 9. e4 O-O 10. Qc2 h6 11. f4 c5 12. e5 Be7 13. Be4 Bxe4 14. Qxe4 Na6
15. d5 exd5 16. cxd5 d6 17. Ng3 Re8 18. a4 Nc7 19. c4 a6 20. Nf5 Bf8 21. Ra3 b5
22. Rg3 {#} Kh8 23. Bb2 dxe5 24. fxe5 bxc4 25. Nxh6 Qxd5 26. Nxf7+ Kg8 27. Qh4
(27. Rh3) 27... Qxf7 28. Rxf7 Kxf7 29. Rf3+ Kg8 30. Qf4 Re7 31. Qxc4+ Ne6 32.
g4 Rb8 33. Ba3 Kh7 34. Qe4+ Kg8 35. Qc4 Kh7 36. h4 Rd8 37. Bxc5 Nxc5 38. Qxc5
Ree8 39. Qc2+ Kh8 40. Rf5 g6 41. Rg5 Bh6 42. Rxg6 Be3+ 43. Kf1 Rf8+ 44. Rf6 Bh6
45. Rxf8+ Rxf8+ 46. Kg2 Bg7 47. Qe4 Re8 48. e6 a5 49. g5 Bc3 50. h5 Bb4 51.
Qe5+ Kh7 52. Qf6 Re7 53. g6+ Kh6 54. g7+ Kh7 55. Qg6+ 1-0

[Event "NCL978b Nidum Kts-White Rose"]
[Site "Rd11"]
[Date "1998.05.25"]
[Round "11.8"]
[White "Forbes, Cathy"]
[Black "Wilson, Julie"]
[Result "1-0"]
[WhiteElo "2105"]
[BlackElo "1800"]
[PlyCount "63"]
[EventDate "1998.05.25"]

1. d4 Nf6 2. Nf3 e6 3. c3 b6 4. Bg5 Bb7 5. Nbd2 Be7 6. e3 h6 7. Bh4 Ne4 8. Bxe7
Qxe7 9. Bd3 f5 10. Bxe4 fxe4 11. Ne5 Qg5 12. g4 d6 13. h4 Qf6 14. Qa4+ Ke7 15.
Nec4 Nd7 16. Rh2 a6 17. Qc2 d5 18. Na3 Rac8 19. O-O-O e5 20. f3 exd4 21. exd4
Qf4 22. Re2 Kd8 23. fxe4 dxe4 24. Nac4 c5 25. Rf1 Qxg4 26. Nxe4 {#} Bxe4 27.
Rxe4 Qg6 28. dxc5 Rxc5 29. Rd1 Kc7 30. Rxd7+ Kc8 31. Rd1 Qf6 32. Qd3 1-0

[Event "NCL978b Simpsons-Gwent Dragons"]
[Site "Rd11"]
[Date "1998.05.25"]
[Round "11.1"]
[White "Norwood, David"]
[Black "Varley, Peter"]
[Result "1-0"]
[WhiteElo "2515"]
[BlackElo "2210"]
[PlyCount "43"]
[EventDate "1998.05.25"]

1. g3 Nf6 2. Bg2 d5 3. Nf3 g6 4. c4 c6 5. b3 Bg7 6. Bb2 O-O 7. O-O Bf5 8. d3
Qc8 9. Re1 Bh3 10. Bh1 Rd8 11. Nbd2 a5 12. Rc1 Na6 13. cxd5 Nxd5 14. Bxg7 Kxg7
15. Nc4 Qc7 16. Qd2 Bc8 17. d4 b5 18. Nce5 Bb7 {#} 19. Ng5 Qb6 20. Ngxf7 Rf8
21. Qh6+ Kg8 22. Bxd5 1-0

[Event "NCL978b Simpsons-Gwent Dragons"]
[Site "Rd11"]
[Date "1998.05.25"]
[Round "11.2"]
[White "Adams, Mark"]
[Black "Hennigan, Michael"]
[Result "0-1"]
[WhiteElo "2105"]
[BlackElo "2415"]
[PlyCount "74"]
[EventDate "1998.05.25"]

1. e4 c5 2. Nf3 Nc6 3. d4 cxd4 4. Nxd4 Nf6 5. Nc3 d6 6. Be2 e5 7. Nb3 Be7 8.
O-O O-O 9. Be3 Re8 10. f4 exf4 11. Bxf4 Ne5 12. Bxe5 dxe5 13. Qxd8 Bxd8 14. h3
Bb6+ 15. Kh2 Be6 16. Rad1 Rac8 17. Bd3 a6 18. Nc1 Nd7 19. Rfe1 Nc5 20. Nd5 Bxd5
21. exd5 Nxd3 22. Rxd3 Rxc2 23. Rb3 Bd4 24. Rxb7 Rxb2 25. Nb3 Rd8 26. Rc1 g6
27. Rcc7 Rf2 28. Rd7 Rxd7 29. Rxd7 Be3 30. d6 Bg5 31. Ra7 Rxa2 32. d7 Rb2 33.
Ra8+ Kg7 34. Nc5 Rd2 35. Ne4 Bf4+ 36. Kg1 Rxd7 37. Rxa6 f5 0-1

[Event "NCL978b Simpsons-Gwent Dragons"]
[Site "Rd11"]
[Date "1998.05.25"]
[Round "11.3"]
[White "Mortazavi, Ali"]
[Black "Saunders, Nigel"]
[Result "1-0"]
[WhiteElo "2385"]
[BlackElo "2135"]
[PlyCount "77"]
[EventDate "1998.05.25"]

1. e4 g6 2. d4 Bg7 3. Nc3 d6 4. Be3 c6 5. Qd2 Qc7 6. Nf3 a6 7. a4 b6 8. h3 Nd7
9. Bc4 h6 10. O-O Bb7 11. Rfe1 e5 12. Ne2 Ngf6 13. Ng3 b5 14. Ba2 c5 15. d5 h5
16. Nh4 Nf8 17. f4 N6d7 18. c4 b4 19. Nf3 exf4 20. Bxf4 O-O-O 21. Bb3 Re8 22.
a5 Ne5 23. Nxe5 Bxe5 24. Ba4 Nd7 25. Rf1 Re7 26. Bxd7+ Qxd7 27. Bxe5 Rxe5 28.
Qf4 h4 29. Nh1 Re7 30. Nf2 f5 31. exf5 gxf5 32. Rae1 Kc7 33. Nd3 Kd8 34. Rxe7
Qxe7 35. Re1 Qf8 36. Nxc5 Bc8 37. Ne6+ Bxe6 38. Rxe6 Kd7 39. Qd4 1-0

[Event "NCL978b Simpsons-Gwent Dragons"]
[Site "Rd11"]
[Date "1998.05.25"]
[Round "11.5"]
[White "Hennigan, Rita"]
[Black "Fletcher, John"]
[Result "1-0"]
[WhiteElo "2225"]
[BlackElo "2095"]
[PlyCount "51"]
[EventDate "1998.05.25"]

1. e4 c5 2. Nf3 Nc6 3. d4 cxd4 4. Nxd4 Nf6 5. Nc3 e5 6. Ndb5 d6 7. Bg5 a6 8.
Na3 b5 9. Bxf6 gxf6 10. Nd5 f5 11. Bd3 Be6 12. Qh5 Bg7 13. O-O f4 14. c4 Bxd5
15. exd5 Nb4 16. Be4 Qb6 17. Rfd1 Ke7 18. cxb5 axb5 19. Rac1 Bf6 20. Qe2 Rab8
21. Qe1 Nxa2 22. Rc6 Qa7 23. Bb1 b4 24. Nc4 b3 25. Nxd6 Kf8 26. Nf5 1-0

[Event "NCL978b Simpsons-Gwent Dragons"]
[Site "Rd11"]
[Date "1998.05.25"]
[Round "11.6"]
[White "Brickman, Simon"]
[Black "Chan, Nevil"]
[Result "1/2-1/2"]
[WhiteElo "2015"]
[BlackElo "2016"]
[PlyCount "30"]
[EventDate "1998.05.25"]

1. e4 Nc6 2. d4 e5 3. dxe5 Nxe5 4. Nf3 Nxf3+ 5. Qxf3 Qf6 6. Qxf6 Nxf6 7. Bd3
Bb4+ 8. Bd2 Bxd2+ 9. Nxd2 d6 10. O-O O-O 11. Rae1 Bd7 12. f4 Rae8 13. h3 Bc6
14. Re3 Re7 15. Rfe1 Rfe8 1/2-1/2

[Event "NCL978b Simpsons-Gwent Dragons"]
[Site "Rd11"]
[Date "1998.05.25"]
[Round "11.7"]
[White "Martin, Barry"]
[Black "Batey, Richard"]
[Result "1/2-1/2"]
[WhiteElo "2010"]
[BlackElo "2045"]
[PlyCount "31"]
[EventDate "1998.05.25"]

1. d4 d5 2. Nf3 Nf6 3. e3 c5 4. c4 cxd4 5. exd4 dxc4 6. Qa4+ Bd7 7. Qxc4 e6 8.
Nc3 Bd6 9. Be2 O-O 10. O-O Bc6 11. Bg5 Nbd7 12. Rfe1 {(Draw offer)} Qa5 13. Be3
Nb6 14. Qd3 {(Draw offer)} Nbd5 15. Nxd5 Bxd5 16. Bd2 1/2-1/2

[Event "NCL978b Simpsons-Gwent Dragons"]
[Site "Rd11"]
[Date "1998.05.25"]
[Round "11.8"]
[White "Roberts, Lynda"]
[Black "Houska, Mario"]
[Result "1/2-1/2"]
[WhiteElo "1800"]
[BlackElo "1632"]
[PlyCount "28"]
[EventDate "1998.05.25"]

1. e4 d5 2. exd5 Qxd5 3. Nc3 Qa5 4. d4 c6 5. Nf3 Bg4 6. Be2 Nf6 7. O-O e6 8.
Ne5 Bxe2 9. Qxe2 Nbd7 10. Nxd7 Nxd7 11. Ne4 Nf6 12. Nxf6+ gxf6 13. Bd2 Qf5 14.
c3 h5 1/2-1/2

[Event "NCL978b Coulsdon-Bristol2"]
[Site "Rd11"]
[Date "1998.05.25"]
[Round "11.1"]
[White "Dunworth, Chris"]
[Black "Player, Edmund"]
[Result "1-0"]
[WhiteElo "2310"]
[BlackElo "2115"]
[PlyCount "79"]
[EventDate "1998.05.25"]

1. d4 e6 2. e4 d5 3. e5 c5 4. c3 Nc6 5. Nf3 Qb6 6. a3 c4 7. Nbd2 Na5 8. Be2 Bd7
9. O-O Ne7 10. Re1 Nec6 11. Rb1 Be7 12. Bf1 g5 13. b4 cxb3 14. Nxb3 Qd8 15. Nc5
g4 16. Nd2 Bxc5 17. dxc5 h5 18. Nb3 Nxb3 19. Qxb3 Na5 20. Qb4 Qc7 21. Bg5 Rc8
22. Bf6 Rg8 23. Bb5 Bxb5 24. Qxb5+ Kf8 25. c6 b6 26. Qb4+ Ke8 27. c4 {#} Nxc6
28. Qa4 d4 29. c5 bxc5 30. Rb5 Qd7 31. Rxc5 Ne7 32. Rxc8+ Nxc8 33. Qb4 Nb6 34.
Rd1 Qc7 35. Qxd4 Qd7 36. Qa1 Nd5 37. Qb1 Qc7 38. Rc1 Nc3 39. Rxc3 Qxc3 40. Qb5+
1-0

[Event "NCL978b Coulsdon-Bristol2"]
[Site "Rd11"]
[Date "1998.05.25"]
[Round "11.2"]
[White "Jones, Chris JA"]
[Black "Harley, Andrew"]
[Result "1/2-1/2"]
[WhiteElo "2120"]
[BlackElo "2305"]
[PlyCount "38"]
[EventDate "1998.05.25"]

1. d4 e6 2. c4 Nf6 3. g3 Bb4+ 4. Bd2 Be7 5. Bg2 d5 6. Nf3 O-O 7. Qc2 c6 8. O-O
Nbd7 9. b3 b6 10. Bc3 Ba6 11. Nbd2 Rc8 12. e4 dxe4 13. Nxe4 b5 14. Nxf6+ Bxf6
15. Rfe1 bxc4 16. bxc4 Nb6 17. c5 Nd5 18. Bd2 h6 19. Re4 Rb8 1/2-1/2

[Event "NCL978b Coulsdon-Bristol2"]
[Site "Rd11"]
[Date "1998.05.25"]
[Round "11.3"]
[White "Rosen, Daniel"]
[Black "Buckley, David"]
[Result "1/2-1/2"]
[WhiteElo "2225"]
[BlackElo "2115"]
[PlyCount "68"]
[EventDate "1998.05.25"]

1. e4 Nf6 2. e5 Nd5 3. d4 d6 4. c4 Nb6 5. exd6 cxd6 6. Nf3 g6 7. Nc3 Bg7 8. Be2
Bg4 9. Be3 O-O 10. b3 d5 11. c5 Nc8 12. Rc1 Nc6 13. O-O e6 14. h3 Bxf3 15. Bxf3
N8e7 16. Ne2 Nf5 17. Qd2 Nxe3 18. fxe3 Bh6 19. Rc3 Qc7 20. Qe1 Rad8 21. Qh4 Bg7
22. Rd1 Qa5 23. Qe1 Rfe8 24. b4 Qxb4 25. Rb1 Qa5 26. Rxb7 Rb8 27. Qb1 Rxb7 28.
Qxb7 Nxd4 29. exd4 Bxd4+ 30. Nxd4 Qxc3 31. Nb3 a5 32. Qc6 Qe1+ 33. Kh2 Qe5+ 34.
Kg1 Qe1+ 1/2-1/2

[Event "NCL978b Coulsdon-Bristol2"]
[Site "Rd11"]
[Date "1998.05.25"]
[Round "11.4"]
[White "Dilleigh, Steven"]
[Black "Moore, Gerald"]
[Result "1-0"]
[WhiteElo "2000"]
[BlackElo "2215"]
[PlyCount "76"]
[EventDate "1998.05.25"]

1. d4 Nf6 2. c4 Nc6 3. Nf3 e6 4. Nc3 Bb4 5. Qc2 O-O 6. a3 Bxc3+ 7. Qxc3 Ne4 8.
Qc2 f5 9. e3 d6 10. Be2 a5 11. b3 Qe7 12. O-O e5 13. Bb2 Bd7 14. Rac1 Ng5 15.
Nxg5 Qxg5 16. f4 {#} Qe7 17. d5 Nd8 18. fxe5 dxe5 19. e4 f4 20. Qc3 Nf7 21.
Rxf4 Qg5 22. Rf3 Ra6 23. Rcf1 Rf6 24. Rg3 Rxf1+ 25. Bxf1 Qf4 26. Qe3 g6 27. Rf3
Qh4 28. Bd3 b6 29. Bc1 Bg4 30. Rf1 Nd6 31. Rxf8+ Kxf8 32. Qf2+ Qxf2+ 33. Kxf2
Kf7 34. Be3 Nb7 35. b4 axb4 36. axb4 Bd7 37. c5 bxc5 38. bxc5 c6 1-0

[Event "NCL978b Coulsdon-Bristol2"]
[Site "Rd11"]
[Date "1998.05.25"]
[Round "11.5"]
[White "Gunter, David"]
[Black "Richards, John"]
[Result "1/2-1/2"]
[WhiteElo "2185"]
[BlackElo "2045"]
[PlyCount "104"]
[EventDate "1998.05.25"]

1. c4 Nf6 2. Nc3 d5 3. cxd5 Nxd5 4. g3 Nxc3 5. bxc3 g6 6. Bg2 Bg7 7. Rb1 c6 8.
Nf3 O-O 9. O-O Nd7 10. c4 Qa5 11. Qc2 Nc5 12. d3 e5 13. Nd2 Ne6 14. e3 Qc7 15.
Ba3 Rd8 16. Nb3 c5 17. Nc1 Rb8 18. Ne2 Qd7 19. Rfd1 b6 20. Nc3 Bb7 21. Nd5 Nc7
22. e4 Ne6 23. Bb2 Bc6 24. Rf1 Bxd5 25. exd5 Nd4 26. Bxd4 exd4 27. Rfe1 Re8 28.
Be4 f5 29. Bg2 Be5 30. Re2 Re7 31. Rbe1 Rbe8 32. Qd2 Kg7 {(Draw offer)} 33. h4
Bd6 34. Re6 Rxe6 35. dxe6 Rxe6 36. Bd5 Rxe1+ 37. Qxe1 Qe7 38. Qd2 f4 39. Kg2
Qe5 40. gxf4 Qf5 41. Qe2 Qxf4 42. Qf3 Qh2+ 43. Kf1 Qxh4 44. a4 Qf4 45. Qxf4
Bxf4 46. Kg2 Kf6 47. Bb7 h5 48. Bc6 g5 49. Be8 h4 50. Kh3 Bd2 51. Kg4 Ke5 52.
Bc6 Bf4 1/2-1/2